| 000 | 01024nam a2200253 a 4500 | ||
|---|---|---|---|
| 001 | 79963 | ||
| 003 | BD-RjUL | ||
| 005 | 20220613160129.0 | ||
| 008 | 220613s2017 bg ||||| |||| 00| 0 ben d | ||
| 020 | _a9847000002914 | ||
| 035 | _a(BD-RjUL)79963 | ||
| 040 |
_aBD-RjUL _beng _cBD-RjUL |
||
| 041 | _aben | ||
| 082 |
_223 _a954.0252 _bBAB 2017 |
||
| 245 |
_aবাবরের আত্মকথা / _cঅনুবাদ শচীন্দ্রলাল রায় |
||
| 260 |
_aঢাকা : _bজাতীয় সাহিত্য প্রকাশ, _c২০১৭ |
||
| 300 |
_a১৭০ পৃ.; _c২২ সেমি. |
||
| 600 |
_aবাবর, হিন্দুস্তানের সম্রাট, _d১৪৮৩-১৫৩০ _93578 |
||
| 600 |
_aBabur, Emperor of Hindustan, _d1483-1530 _93579 |
||
| 650 |
_aভারত _xমোগল সাম্রাজ্য _93580 |
||
| 650 |
_aIndia _xMogul Empire _93581 |
||
| 700 |
_aরায়, শচীন্দ্রলাল _93582 |
||
| 942 |
_2ddc _cBK |
||
| 999 |
_c79963 _d79963 |
||